[Event "Dhaka Walton op"]
[Site "Dhaka"]
[Date "2022.04.10"]
[Round "7"]
[White "Mukitul, Islam Ripon"]
[Black "Mohammad, Hasan Mia"]
[Result "1/2-1/2"]
[WhiteElo "1932"]
[BlackElo "1814"]
[PlyCount "122"]
[EventDate "2022.04.04"]
[EventType "swiss"]
[EventRounds "9"]
[EventCountry "BAN"]
[SourceTitle "CBM 207 Extra"]
[Source "ChessBase"]
[SourceDate "2022.05.31"]
[SourceVersion "1"]
[SourceVersionDate "2022.05.31"]
[SourceQuality "1"]

1. e4 c6 2. d4 d5 3. exd5 cxd5 4. Bd3 Nc6 5. c3 Nf6 6. Nf3 Bg4 7. Bf4 e6 8. Nbd2 Bd6 9. Bg5 Bh5 10. Qb3 Qc7 11. 0-0 h6 12. Bxf6 gxf6 13. c4 dxc4 14. Bxc4 Kf8 15. Rac1 Na5 16. Qb5 Bxf3 17. Nxf3 a6 18. Qh5 Nxc4 19. b3 b5 20. bxc4 bxc4 21. Nd2 c3 22. Ne4 Bb4 23. Nxf6 c2 24. Qf3 Rc8 25. Ne4 Qc4 26. a3 Be7 27. Qe3 f5 28. Nd2 Qd5 29. f4 Bf6 30. Nf3 Rc4 31. g3 Kf7 32. Ne5+ Bxe5 33. dxe5 Rhc8 34. Qa7+ R8c7 35. Qxa6 Qd4+ 36. Kg2 Qd2+ 37. Kh3 Qe2 38. Qa8 Re4 39. a4 Qh5+ 40. Kg2 Re2+ 41. Rf2 Rxf2+ 42. Kxf2 Qxh2+ 43. Qg2 Qh5 44. Qf3 Qh2+ 45. Qg2 Qh5 46. Qf3 Qh3 47. a5 h5 48. a6 h4 49. Qh5+ Kg7 50. Qxh4 Qxh4 51. gxh4 Kg6 52. a7 Rxa7 53. Rxc2 Kh5 54. Rc6 Kxh4 55. Rxe6 Kg4 56. Re8 Ra4 57. e6 Rxf4+ 58. Kg2 Re4 59. e7 Kf4 60. Kf2 Re3 61. Kg2 Re4 1/2-1/2

[Event "Dhaka Bangabandhu op-B"]
[Site "Dhaka"]
[Date "2021.03.12"]
[Round "4"]
[White "Mohammad, Hasan Mia"]
[Black "Rahman, Ataur1"]
[Result "0-1"]
[WhiteElo "1736"]
[BlackElo "1865"]
[PlyCount "38"]
[EventDate "2021.03.09"]
[EventType "swiss"]
[EventRounds "9"]
[EventCountry "BAN"]
[SourceTitle "CBM 201 Extra"]
[Source "ChessBase"]
[SourceDate "2021.05.31"]
[SourceVersion "1"]
[SourceVersionDate "2021.05.31"]
[SourceQuality "1"]

1. e4 c5 2. Nf3 d6 3. d4 cxd4 4. c3 Nf6 5. Bd3 Nc6 6. cxd4 e5 7. d5 Ne7 8. Nc3 Ng6 9. Bg5 Be7 10. h4 h6 11. Bxf6 Bxf6 12. h5 Nh4 13. Bb5+ Kf8 14. g3 Nxf3+ 15. Qxf3 a6 16. Bf1 b5 17. 0-0-0 Bd7 18. Bh3 Bxh3 19. Rxh3 b4 0-1

[Event "BAN-chT2 Borsho 2nd"]
[Site "Bangladesh"]
[Date "2021.01.28"]
[Round "9.2"]
[White "Mohammad, Hasan Mia"]
[Black "Md Abzid, Rahman"]
[Result "0-1"]
[WhiteElo "1760"]
[BlackElo "2002"]
[PlyCount "46"]
[EventDate "2021.01.20"]
[EventType "team-tourn"]
[EventRounds "9"]
[EventCountry "BAN"]
[SourceTitle "CBM 200 Extra"]
[Source "ChessBase"]
[SourceDate "2021.03.31"]
[SourceVersion "1"]
[SourceVersionDate "2021.03.31"]
[SourceQuality "1"]
[WhiteTeam "Legend Faraz Ayaiz"]
[BlackTeam "Sports Bangla"]
[WhiteTeamCountry "BAN"]
[BlackTeamCountry "BAN"]

1. d4 Nf6 2. c4 e6 3. Nf3 c6 4. a3 d5 5. e3 Nbd7 6. Bd3 Bd6 7. Nc3 0-0 8. 0-0 dxc4 9. Bxc4 e5 10. h3 Qe7 11. Qc2 b5 12. Bd3 Bb7 13. e4 a6 14. Bg5 h6 15. Be3 c5 16. dxc5 Bxc5 17. Bxc5 Nxc5 18. b4 Ne6 19. g3 Rac8 20. Qb3 Rfd8 21. Nd5 Nxd5 22. exd5 Bxd5 23. Qd1 e4 0-1

[Event "Dhaka Marcel 1st Division"]
[Site "Dhaka"]
[Date "2019.11.19"]
[Round "8.2"]
[White "Mohammad, Hasan Mia"]
[Black "Bhuiyan, Golam Mostafa"]
[Result "0-1"]
[WhiteElo "1743"]
[BlackElo "2060"]
[PlyCount "82"]
[EventDate "2019.11.12"]
[EventType "team-tourn"]
[EventRounds "9"]
[EventCountry "BAN"]
[SourceTitle "CBM 193 Extra"]
[Source "ChessBase"]
[SourceDate "2020.01.31"]
[SourceVersion "1"]
[SourceVersionDate "2020.01.31"]
[SourceQuality "1"]
[WhiteTeam "Legend Faraz Ayaiz"]
[BlackTeam "Shahin CC"]
[WhiteTeamCountry "BAN"]
[BlackTeamCountry "BAN"]

1. d4 d5 2. c4 e6 3. cxd5 exd5 4. Nc3 Nf6 5. Bg5 Be7 6. Qc2 h6 7. Bh4 Nc6 8. e3 Nb4 9. Qb1 g6 10. Bd3 Nxd3+ 11. Qxd3 c6 12. Nge2 Bf5 13. Qd2 g5 14. Bg3 h5 15. Be5 Rg8 16. h3 Bb4 17. f3 Qe7 18. g4 Bg6 19. Nc1 Nd7 20. Bg3 Nb6 21. b3 Qf6 22. 0-0 0-0-0 23. Nd3 Bxd3 24. Qxd3 Bd6 25. Kg2 Rge8 26. Rac1 Kb8 27. Rfd1 Re7 28. Bxd6+ Qxd6 29. e4 f6 30. Ne2 Rde8 31. Ng3 dxe4 32. fxe4 Qd7 33. Nxh5 Rxe4 34. Nxf6 Re2+ 35. Kf1 Qf7 36. Qf5 R8e6 37. Nh7 Qc7 38. Re1 Qh2 39. Qf3 R6e3 40. Qf8+ Nc8 41. Rxe2 Qxe2+ 0-1

[Event "BAN Walton 1st League"]
[Site "Dhaka"]
[Date "2018.11.03"]
[Round "10.3"]
[White "Mohammad, Hasan Mia"]
[Black "Faisal, Hossain"]
[Result "1/2-1/2"]
[WhiteElo "1730"]
[BlackElo "1929"]
[PlyCount "142"]
[EventDate "2018.10.25"]
[EventType "team-tourn"]
[EventRounds "11"]
[EventCountry "BAN"]
[SourceTitle "CBM 187 Extra"]
[Source "ChessBase"]
[SourceDate "2018.11.04"]
[SourceVersion "1"]
[SourceVersionDate "2018.11.04"]
[SourceQuality "1"]
[WhiteTeam "Legend Faraz Ayaiz"]
[BlackTeam "Khelaghor Daba Sangah"]
[WhiteTeamCountry "BAN"]
[BlackTeamCountry "BAN"]

1. e4 c5 2. d4 cxd4 3. c3 dxc3 4. Nxc3 e6 5. Nf3 Bb4 6. Bc4 Qc7 7. Qd4 Nf6 8. 0-0 Nc6 9. Qd3 a6 10. Bg5 Be7 11. Rac1 0-0 12. Bb3 d6 13. Rfd1 Rd8 14. h3 Qa5 15. Be3 Ne5 16. Qe2 Bd7 17. Nd4 Ng6 18. f4 Rac8 19. Qf3 b5 20. f5 Ne5 21. Qf2 Nc4 22. Bxc4 Rxc4 23. Nb3 Qc7 24. Bb6 Qb8 25. Bxd8 Qxd8 26. e5 dxe5 27. fxe6 fxe6 28. Qa7 Qc8 29. Ne2 Nd5 30. Kh1 Bg5 31. Rxc4 bxc4 32. Nc5 Bb5 33. Rf1 Nf6 34. Ne4 c3 35. N4xc3 Bc6 36. Rd1 Nd5 37. Qc5 Ne3 38. Qxe5 Nxd1 39. Qxg5 e5 40. Ng1 Nf2+ 41. Kh2 Nd3 42. Nge2 Ne1 43. Qxe5 Bxg2 44. Qg3 Qf5 45. Qxe1 Qxh3+ 46. Kg1 Bc6 47. Qg3 Qh1+ 48. Kf2 h6 49. Nd4 Bd7 50. Nce2 Qb1 51. Qb3+ Kh8 52. Qb8+ Kh7 53. Qc7 Bf5 54. Qc5 Bg6 55. Qa3 h5 56. b4 Bf7 57. Qxa6 Qxb4 58. Qd3+ Bg6 59. Qb3 Qf8+ 60. Qf3 Qd6 61. a3 Qa6 62. Qc6 Qxa3 63. Ne6 Qa7+ 64. Kg2 Qe3 65. Kf1 Bd3 66. Nf8+ Kg8 67. Qe6+ Qxe6 68. Nxe6 Kf7 69. Nxg7 Kxg7 70. Kf2 h4 71. Nf4 Be4 1/2-1/2

[Event "BAN-chT2"]
[Site "Dhaka"]
[Date "2017.10.23"]
[Round "2.1"]
[White "Jaber, Al Hamid"]
[Black "Mohammad, Hasan Mia"]
[Result "1-0"]
[WhiteElo "1887"]
[BlackElo "1691"]
[PlyCount "59"]
[EventDate "2017.10.22"]
[EventType "team-swiss"]
[EventRounds "7"]
[EventCountry "BAN"]
[SourceTitle "CBM 181 Extra"]
[Source "ChessBase"]
[SourceDate "2017.12.12"]
[SourceVersion "1"]
[SourceVersionDate "2017.12.12"]
[SourceQuality "1"]
[WhiteTeam "New Nation Fenchuganj"]
[BlackTeam "Legend Faraz Ayiaz"]
[WhiteTeamCountry "BAN"]
[BlackTeamCountry "BAN"]

1. e4 g6 2. d4 Bg7 3. Nf3 d6 4. Bc4 Nf6 5. Nc3 0-0 6. 0-0 e5 7. dxe5 dxe5 8. Qxd8 Rxd8 9. Nxe5 Be6 10. Bxe6 fxe6 11. Bg5 Na6 12. Rad1 Rxd1 13. Rxd1 Nxe4 14. Nxe4 Bxe5 15. Nf6+ Bxf6 16. Bxf6 Kf7 17. Bg5 Ke8 18. Rd4 h6 19. Rh4 h5 20. Rd4 Nc5 21. Rc4 Na6 22. b4 b6 23. a4 c5 24. c3 Kd7 25. Rf4 Rg8 26. Rf7+ Kd6 27. Rxa7 Nxb4 28. cxb4 cxb4 29. Be7+ Kd5 30. Bxb4 1-0